Riconosci il Pokémon - Quiz n°730 - Statistics

Statistiche generali
  • Questo quiz è stato fatto 0 volte
  • Il punteggio medio è 0 su 10
Statistiche sulle risposte
Indizio Riposta % Corretto
Altezza 0,5 m
0%
Tasso di cattura 190 (35.2%)
0%
Sesso 25% ♂, 75% ♀
0%
Peso 3,9 kg
0%
Stadio evoluzione Forma Base
0%
Pokémon Glameow
0%
Tipo Normale
0%
Generazione Quarta
0%
Abilità Scioltezza; Mente Locale; Sguardofermo
0%
Tasso di allevamento Veloce
0%
Nessun quiz corrispondente trovato
Distribuzione punteggi
Percentuale di utenti per punteggio
Percentile per numero di risposta
I tuoi punteggi nel tempo
Non hai fatto questo quiz